000 00840cam a2200253 4500
999 _c10251
_d10251
001 10251
003 BD-JhCC
005 20180421192042.0
008 180421s1972 bg 000 0 eng
035 _a(BD-JhCC)10251
040 _aDLC
_cDLC
_dDLC
_dBD-JhCC
041 _aeng
050 0 0 _aLAW
082 0 0 _a342/.5492/02
_bCON 1972
110 1 _aBangladesh.
_kConstitution.
245 1 4 _aThe Constitution of the People's Republic of Bangladesh /
_cpassed by the Constituent Assembly of Bangladesh on the 4th Nov. 1972 and authenticated by the Speaker on the 14th Dec. 1972.
260 _aDhaka :
_bConstituent Assembly of Bangladesh,
_c1972.
300 _avii, 83 p.
_c25 cm.
500 _aCover title.
500 _a"Authorised English translation."
650 0 _aConstitutions
_zBangladesh.
942 _2ddc
_cREF